|
|
|
|
| LEADER |
00975cam a2200241 a 4500 |
| 003 |
Ost |
| 005 |
20190207202751.0 |
| 008 |
110119s2011 enkc b 011 0 eng |
| 999 |
|
|
|c 10088
|d 10088
|
| 020 |
|
|
|a 9780199588916 (hbk. : alk. paper)
|
| 020 |
|
|
|a 0199588910 (hbk. : alk. paper)
|
| 082 |
0 |
4 |
|a 341.37
|b CAN'11
|
| 245 |
0 |
4 |
|a The law of treaties beyond the Vienna Convention /
|c edited by Enzo Cannizzaro ; contributers, Mahnoush H. Arsanjani ... [et al.].
|
| 260 |
|
|
|a Oxford ;
|a New York :
|b Oxford University Press,
|c 2011.
|
| 300 |
|
|
|a xxxi, 464 p.
|b
|c
|
| 600 |
1 |
0 |
|a Gaja, Giorgio.
|
| 630 |
0 |
0 |
|a Vienna Convention on the Law of Treaties
|
| 650 |
|
0 |
|a Treaties.
|
| 700 |
1 |
|
|a Cannizzaro, Enzo.
|e contributor.
|
| 700 |
1 |
|
|a Arsanjani, Mahnoush H.
|e contributor.
|
| 700 |
1 |
|
|a Gaja, Giorgio.
|e contributor.
|
| 942 |
|
|
|2 ddc
|c CRE
|
| 952 |
|
|
|0 0
|1 0
|2 ddc
|4 0
|6 341_370000000000000_CAN11
|7 1
|8 REF
|9 19999
|a NUALS
|b NUALS
|c REF
|d 2017-03-16
|l 0
|o 341.37 CAN'11
|p 13619
|r 2017-03-16
|w 2017-03-16
|y CRE
|